A Letter to an eminent clergy-man in the Massachusett's Bay : Containing some just remarks, and necessary cautions, relating to publick affairs in that province. : [Two lines of quotations].

Bibliographic Details
Other Authors: Wise, John, 1652-1725
Format: eBook
Language:English
Published: [Boston] : [publisher not identified], Printed in the year 1720 [i.e., 1721]
Series:Early American imprints. Evans (1639-1800) ; no. 2230.
Subjects:
Online Access:Evans Digital Edition

MARC

Tag First Indicator Second Indicator Subfields
LEADER 00000cam a22000001a 4500
001 in00002139671
006 m e d #
007 cr mn mmmmabba
008 850325s1721 mau s 000 0 eng d
005 20260331145433.5
035 |z w013139 
035 |a MAAR8503252503B 
035 |9 mwa91-50098 
035 |a 320872 
035 |a aas03013139 
040 |a MWA  |c MWA  |e bdrb  |d UtOrBLW 
245 0 2 |a A Letter to an eminent clergy-man in the Massachusett's Bay :  |b Containing some just remarks, and necessary cautions, relating to publick affairs in that province. : [Two lines of quotations]. 
264 1 |a [Boston] :  |b [publisher not identified],  |c Printed in the year 1720 [i.e., 1721] 
300 |a 2 unnumbered pages, 13 pages, 1 unnumbered page ;  |c 16 cm. 
336 |a text  |b txt  |2 rdacontent 
337 |a computer  |b c  |2 rdamedia 
338 |a online resource  |b cr  |2 rdacarrier 
500 |a Possibly addressed to the Reverend John Wise. Cf. Davis, A. Colonial currency reprints, 1682-1751, volume 2, pages 242-248. 
500 |a Advertised in the Boston gazette of Feb. 27, 1721 as to be published that day and "sold by Benjamin Gray." 
510 4 |a Evans  |c 2230 
530 |a Microform version available in the Readex Early American Imprints series. 
533 |a Electronic text and image data.  |b [Chester, Vt. :  |c Readex, a division of Newsbank, Inc.,  |d 2002-2004.  |e Includes files in TIFF, GIF and PDF formats with inclusion of keyword searchable text.  |f (Early American imprints. First series ; no. 2230). 
500 |a Electronic resource. 
650 0 |a Credit  |z Massachusetts. 
651 0 |a Massachusetts  |x Economic conditions. 
700 1 |a Wise, John,  |d 1652-1725. 
752 |a United States  |b Massachusetts  |d Boston. 
830 0 |a Early American imprints.  |n Series I,  |p Evans (1639-1800) ;  |v no. 2230. 
856 4 1 |u http://proxy.library.tamu.edu/login?url=https://opac.newsbank.com/select/evans/2230  |y Evans Digital Edition  |t 0 
999 |a MARS 
999 f f |s abbed941-9bee-3427-b65a-796e7de54509  |i 7c46aa44-cb33-3c96-b716-3ca4cfe30a12  |t 0 
952 f f |a Texas A&M University  |b College Station  |c Electronic Resources  |s www_evans  |d Available Online  |t 0  |h No information provided 
998 f f |t 0  |l Available Online